Statistics for Asian Countries with the Shortest Names

Click here to take the quiz!

General Stats

  • This quiz has been taken 34,382 times
  • The average score is 9 of 11

Answer Stats

Country % Correct
Japan
91%
Laos
90%
China
90%
Iraq
88%
Iran
88%
Oman
87%
India
87%
Nepal
83%
Yemen
83%
Qatar
77%
Syria
73%

Score Distribution

Percentile by Number Answered

Percent of People with Each Score

Your Score History

You have not taken this quiz